000 00161 a2200085 4500
041 _aspa
100 _aAnonimo
245 _aCurriculum Nacional Basico
942 _cBK
999 _c16101
_d16101